Ciencia y opinión en Aristóteles /

Guardat en:
Dades bibliogràfiques
Autor principal: Mesquita, António Pedro
Format: Text
Etiquetes: Afegir etiqueta
Sense etiquetes, Sigues el primer a etiquetar aquest registre!

MARC

LEADER 00000 a a2200000 04500
001 41559
003
040
100 |a Mesquita, António Pedro  
245 |a Ciencia y opinión en Aristóteles /  |c António Pedro Mesquita  
773 |g volumen46, número118 (enero-agosto, 2008), páginas 129-136  
999 |c 39328  |d 39328 
773 0 |0 40315  |9 5188  |a Universidad de Costa Rica  |d San José, Montes de Oca, Costa Rica: Editorial Universidad de Costa Rica, 1957-  |o 11402  |t Revista de Filosofía/  |x 00348252